Statistics for 1-1000 fast type

Click here to take the quiz!

General Stats

  • This quiz has been taken 7 times
  • The average score is 8 of 20

Answer Stats

Answer% Correct
1
100%
2
100%
3
100%
4
75%
5
75%
10
25%
100
25%
1000
25%
20
25%
200
25%
2000
25%
30
25%
300
25%
3000
25%
40
25%
400
25%
4000
25%
50
25%
500
25%
5000
0%

Score Distribution

Percentile by Number Answered

Percent of People with Each Score

Your Score History

You have not taken this quiz